| 000 | 00657nam a2200217 a 4500 | ||
|---|---|---|---|
| 001 | 4996800 | ||
| 005 | 20180123081907.0 | ||
| 008 | 990126s1998 nyu 001 0 eng | ||
| 010 | _a 99165712 | ||
| 020 | _a0393971988 (pbk.) | ||
| 040 |
_aDLC _cDLC |
||
| 041 | _aeng | ||
| 080 | _a37 LIN | ||
| 100 | 1 | _a46 | |
| 101 | _aEDU | ||
| 245 | 1 | 2 |
_aA guide to progressions : _cLinda J. Daigle. |
| 246 | 3 | 0 | _aProgressions |
| 906 |
_a7 _bcbc _corignew _d3 _encip _f19 _gy-gencatlg |
||
| 942 |
_2ddc _cBK |
||
| 999 |
_c40790 _d40790 |
||